书目信息 |
| 题名: |
极限的基本理论与方法
|
|
| 作者: | 王仲春 著 | |
| 分册: | ||
| 出版信息: | 兰州 甘肃人民出版社 1983 |
|
| 页数: | 205页 | |
| 开本: | 19cm | |
| 丛书名: | ||
| 单 册: | ||
| 中图分类: | O171 | |
| 科图分类: | ||
| 主题词: | 极限(数学) | |
| 电子资源: | ||
| ISBN: | ||
| 000 | 00606nam0 2200229 45 | |
| 001 | 0183012288 | |
| 005 | 20060727150840.62 | |
| 010 | @dCNY0.56 | |
| 091 | @aCN@b13096.86 | |
| 100 | @a19950609d1983 em y0chiy0121 ea | |
| 101 | 0 | @achi |
| 102 | @aCN@b620000 | |
| 105 | @ay z 000yy | |
| 200 | 10 | @a极限的基本理论与方法@Aji xian de ji ben li lun yu fang fa@f王仲春等著 |
| 210 | @a兰州@c甘肃人民出版社@d1983 | |
| 215 | @a205页@d19cm | |
| 606 | @a极限(数学) | |
| 690 | @aO171@v3 | |
| 701 | 0 | @a王仲春@Awang zhong chun@4著 |
| 801 | 2 | @aCN@bNLC@c20060727 |
| 801 | 0 | @aCN@bTSSF |
| 905 | @a10447@dO171@e111 | |
| 极限的基本理论与方法/王仲春等著.-兰州:甘肃人民出版社,1983 |
| 205页;19cm |
| ISBN :CNY0.56 |
| ● |
| 相关链接 |
|
|
|
|
正题名:极限的基本理论与方法
索取号:O171/111
 
预约/预借
| 序号 | 登录号 | 条形码 | 馆藏地/架位号 | 状态 | 备注 |
| 1 | 0442429 | 204424293 | 密集书库/ [索取号:O171/111] | 在馆 |